Normal view
MARC view
- Burne , Alfred .H
Entry Personal Name
001 - CONTROL NUMBER
- control field: 105794
003 - CONTROL NUMBER IDENTIFIER
- control field: NUST
005 - DATE AND TIME OF LATEST TRANSACTION
- control field: 20221224111441.0
008 - FIXED-LENGTH DATA ELEMENTS
- fixed length control field: 221224|| aca||aabn | a|a d
040 ## - CATALOGING SOURCE
- Original cataloging agency: NUST
- Transcribing agency: NUST
100 ## - HEADING--PERSONAL NAME
- Personal name: Burne , Alfred .H
670 ## - SOURCE DATA FOUND
- Source citation: Work cat.: (NUST)185100: Burne , Alfred .H, The Art of war on land /, 1947
